00330nam a22001457a 4500003000400000005001700004008004100021020001500062040000700077082001100084100002300095245002900118260002900147300000800176OSt20220203145526.0220203b |||||||| |||| 00| 0 eng d a9054101784 cHU a621.44 aLacellotta Renatol aGeotechnical Engineering aNetherlandsbNetherlands f436